भारत में सामाजिक परिवर्तन एवं सामाजिक समस्याए (Record no. 29356)

MARC details
000 -LEADER
fixed length control field 00489nam a22001337a 4500
003 - CONTROL NUMBER IDENTIFIER
control field SGT
020 ## - INTERNATIONAL STANDARD BOOK NUMBER
International Standard Book Number 8171565921
082 ## - DEWEY DECIMAL CLASSIFICATION NUMBER
Classification number 320
Item number B96S
100 ## - MAIN ENTRY--PERSONAL NAME
Personal name शर्मा, रामनाथ
245 ## - TITLE STATEMENT
Title भारत में सामाजिक परिवर्तन एवं सामाजिक समस्याए
260 ## - PUBLICATION, DISTRIBUTION, ETC. (IMPRINT)
Name of publisher, distributor, etc अटलांटिक पब्लिशर्स & डिस्ट्रीब्यूटर्स
Year of Publication 1996
300 ## - PAGE DESCRIPTION
No. of Pages 382
942 ## - ADDED ENTRY ELEMENTS (KOHA)
Source of classification or shelving scheme Dewey Decimal Classification
Koha item type Books
Holdings
Withdrawn status Lost status Source of classification or shelving scheme Damaged status Not for loan Home library Current library Shelving location Date acquired Cost, normal purchase price SGTU Total Checkouts Full call number Accession No. (Barcode) Date last seen Bill Date Koha item type
    Dewey Decimal Classification   Not For Loan SGT Chancellor's Library SGT Chancellor's Library Reference Book 25/01/2025 175.00 SGTU   320 B96S CH2013 25/01/2025 25/01/2025 Books